Phraseologismen Mit Kleidungsstücken im Deutschen, Ungarischen und Russischen

Elmentve itt :
Bibliográfiai részletek
Szerző: Parázs Julianna
További közreműködők: Földes Csaba (Témavezető)
Dokumentumtípus: Szakdolgozat
Megjelent: 1993
Tárgyszavak:
Online Access:http://diploma.bibl.u-szeged.hu/78387
LEADER 00575nta a2200157 i 4500
001 dipl78387
005 20200623115833.0
008 190709s1993 hu om 0|| ger d
040 |a SZTE Diploma Repozitórium  |b hun 
041 |a ger 
100 1 |a Parázs Julianna 
245 1 0 |a Phraseologismen Mit Kleidungsstücken im Deutschen, Ungarischen und Russischen  |h [elektronikus dokumentum] /  |c Julianna Parázs 
260 |c 1993 
650 4 |a Pedagógusképzés 
700 1 |a Földes Csaba  |e ths 
856 4 0 |u http://diploma.bibl.u-szeged.hu/id/eprint/78387/1/1993_parazs_gezane.pdf  |z Dokumentum-elérés